000 00632 a2200181 4500
999 _c183211
_d183211
005 20220221125756.0
010 _aENG-130437
020 _a978-93-91370-03-9
_c1295.00
035 _aEN-113969
037 _bDBAD/PUB
082 _a370.954
_b1
100 _aMaithreyi, R.
245 _aEducating Youth:
_bRegulation through psychosocial skilling in India/
_cR. Maithreyi
260 _aNew Delhi
_bSage Publications India Pvt Ltd.
_c2021
270 _aB-I/I-I, Mohan Cooperative Industrial Area, Mathura Road
_bNew Delhi
_e110044
300 _axiii, 275p.
_c22cm (pbk)
_bIndex
942 _adpl
_cEN
_2ddc
_h370.954
_mMAI